Obras del ilustrissimo, excelentissimo y venerable siervo de Dios, Don Juan de Palafox y Mendoza,... Obispo de La Puebla de los Angeles y de Osma... Virrey y Capitan General de Nueva-España... : (Record no. 161280)

MARC details
000 -LEADER
campo de control de longitud fija 01339nam a2200241 i 4500
001 - NÚMERO DE CONTROL
campo de control 161280
003 - IDENTIFICADOR DE NÚMERO DE CONTROL
campo de control ES-MaACL
005 - FECHA Y HORA DE LA ÚLTIMA TRANSACCIÓN
campo de control 20250731000520.0
008 - DATOS DE LONGITUD FIJA--INFORMACIÓN GENERAL
campo de control de longitud fija 931025s1762 sp a |||| | spa d
100 1# - ENTRADA PRINCIPAL--NOMBRE DE PERSONA
Nombre de persona Palafox y Mendoza, Juan de,
Fechas asociadas al nombre 1600-1659
9 (RLIN) 239354
245 10 - MENCIÓN DEL TÍTULO
Título Obras del ilustrissimo, excelentissimo y venerable siervo de Dios, Don Juan de Palafox y Mendoza,... Obispo de La Puebla de los Angeles y de Osma... Virrey y Capitan General de Nueva-España... :
Resto del título parte II del tomo II : excelencias de San Pedro è injusticias que intervinieron en la muerte de Christo nuestro Bien.
260 ## - PUBLICACIÓN, DISTRIBUCIÓN, ETC.
Lugar de publicación, distribución, etc. En Madrid :
Nombre del editor, distribuidor, etc. en la imprenta de Don Gabriel Ramirez...,
Fecha de publicación, distribución, etc. 1762.
300 ## - DESCRIPCIÓN FÍSICA
Extensión [44], 619 p. :
Otras características físicas il. ;
Dimensiones Fol.
530 ## - NOTA DISPONIBLE DE FORMULARIO FÍSICO ADICIONAL
Nota de formato físico adicional disponible Disponible en formato digital.
597 ## - NOTA DE DESCRIPCIÓN FÍSICA
NOTA DE DESCRIPCIÓN FÍSICA Sign.: a-e4, f2, A-Z4, 2A-2Z4, 3A-3Z4, 4A-4H4, 4p2.
597 ## - NOTA DE DESCRIPCIÓN FÍSICA
NOTA DE DESCRIPCIÓN FÍSICA Port. con grab. calc., escena de S. Pedro.
599 ## - NOTA A LAS ILUSTRACIONES
NOTA A LAS ILUSTRACIONES La primera il. es grab. calc.: "G. Gil inv. et sculp" en p. 1, y las demás son grab. calc. representando escenas de San Pedro.
600 07 - PUNTO DE ACCESO ADICIONAL DE MATERIA--NOMBRE DE PERSONA
Nombre de persona Pedro,
Títulos y otros términos asociados al nombre Santo
Fuente del encabezamiento o término
9 (RLIN) 162517
700 1# - ENTRADA AGREGADA--NOMBRE PERSONAL
Nombre de persona Ramírez, Gabriel.
9 (RLIN) 131598
852 4# - LOCALIZACIÓN
Ubicación ES-MaACL
Número de control de estantería R-2007
Nota libre - Enc. piel original de la época
856 4# - LOCALIZACIÓN Y ACCESO ELECTRÓNICOS
Identificador Uniforme de Recursos <a href="https://bibliotecadigital.jcyl.es/es/consulta/registro.do?id=7244">https://bibliotecadigital.jcyl.es/es/consulta/registro.do?id=7244</a>
Nota pública Biblioteca Digital de Castilla y León
Holdings
Estatus retirado Estado de pérdida Estado de daño No para préstamo Colección Biblioteca de origen Biblioteca actual Ubicación en estantería Fecha de adquisición Fuente de adquisición Total de préstamos Signatura topográfica completa Código de barras Visto por última vez Precio de reemplazo Tipo de ítem Koha
        Colección digital Biblioteca del Ateneo de Madrid Biblioteca del Ateneo de Madrid Depósito 17/01/2008     R-2007 1168930 23/02/2023 23/02/2023 Libro impreso antiguo